The 50 best female footballers in the world 2023 - Statistics

General Stats
  • This quiz has been taken 105 times
  • The average score is 16 of 50
Answer Stats
Hint Answer % Correct
Barcelona Aitana Bonmati
86%
Chelsea Sam Kerr
81%
Barcelona Lucy Bronze
76%
Manchester United Mary Earps
59%
Barcelona Mapi Leon
57%
Barcelona Keira Walsh
56%
Wolfsburg Alexandra Popp
51%
Barcelona Caroline Graham Hansen
50%
Arsenal Alessia Russo
49%
Manchester City Chloe Kelly
49%
Chelsea Millie Bright
48%
Manchester City Khadija Shaw
47%
Arsenal Katie McCabe
46%
Manchester City Lauren HEmp
46%
Chelsea Lauren James
46%
Barcelona Fridolina Rolfo
44%
Bayern Munich Georgia Stanway
44%
Wolfsburg Lena Oberdorf
43%
Lyon Wendie Renard
39%
Arsenal Caitlin Foord
38%
Tigres UANL Jenni Hermoso
38%
Aston Villa Rachel Daly
34%
Portland Thorns Sophia Smith
34%
Manchester City Alex Greenwood
33%
Barcelona Salma Paralluelo
31%
Chelsea Guro Reiten
29%
Manchester City Jill Roord
29%
Barcelona Ona Batlle
28%
Lyon Lindsey Horan
27%
Real Madrid Olga Carmona
27%
Lyon Selma Bacha
27%
Barcelona Patricia Guijarro
26%
Wolfsburg Ewa Pajor
23%
Barcelona Irene Paredes
23%
Real Madrid Linda Caicedo
21%
Lyon Kadidiatou Diani
19%
Washington Spirit Trinity Rodman
19%
Lyon Christiane Endler
17%
Barcelona Mariona Caldentey
17%
Barcelona Asisat Oshoala
14%
Real Madrid Caroline Weir
13%
San Diego Wave Naomi Girma
12%
Paris Saint-Germain Grace Geyoro
9%
Real Madrid Teresa Abelleira
9%
Kansas City Current Debinha
8%
Manchester City Yui Hasegawa
8%
Lyon Melchie Dumornay
7%
Arsenal Amanda Ilestedt
6%
North Carolina Courage Kerolin
6%
Manchester City Hinata Miyazawa
2%
No matching quizzes found
Score Distribution
Percent of People with Each Score
Percentile by Number Answered
Your Score History
You have not taken this quiz